Dutch Loan Words - Part 1 - Statistics

General Stats
  • This quiz has been taken 116 times
    115 since last reset
  • The average score is 15 of 21
Answer Stats
Definition Word Dutch Word % Correct
Someone you work for, and has the ability to fire you Boss Baas
99%
A baked snack that is typically small, flat, and sweet. With chocolate chips for example Cookie Koekje
92%
A neighborhood in Upper Manhattan Harlem Haarlem
91%
A piece of fresh water ice more than 15 meters long that has broken off a glacier or an ice shelf and is floating freely in open water. Iceberg IJsberg
89%
Tactics in certain card games designed to mislead one's opponents Bluff Bluf
88%
A piece of fabric (most often rectangular) with distinctive colours and design. It is used as a symbol, a signalling device, or for decoration Flag Vlag
86%
A person who handles the cash register such as the point of sale in a retail store. Cashier Kassier
85%
From South African Dutch earth + pig, the first animal in the dictionary Aardvark Aardvarken
84%
A slang term originally used to describe eccentric or non-mainstream people, now used for ethusiasts for Star Wars, computers, of geography for example Geek Gek
83%
A borough of New York City located at the westernmost end of Long Island Brooklyn Breukelen
81%
Side dish consisting primarily of finely shredded raw cabbage with a salad dressing Coleslaw Koolsla
81%
Laboratory equipment, generally a cylindrical container with a flat bottom Beaker Beker
80%
Percussion instrument consisting of at least one membrane, that is stretched over a shell and struck with a stick. Drum Trom
77%
An upright support used for displaying or making art, espescially paitings Easel Ezel
76%
A liquor produced by distilling wine. It generally contains 35–60% alcohol Brandy Brandewijn
69%
A person or device which resembles what an individual or a group might be looking for, but it is only meant to lure them. Used in hunting for example Decoy De kooi
62%
A distilled alcoholic drink flavoured with juniper berries and other botanical ingredients Gin Jenever
53%
A neighborhood and entertainment area in the southwestern section of the New York City borough of the above Coney Island Konijn + eiland
52%
In transportation, this refers to goods conveyed by land, water or air. Freight Vracht
45%
A 17th- to mid-19th-century firearm with a short, large caliber barrel which is commonly flared at the muzzle Blunderbuss Donderbus
34%
A temporary cessation of paid employment that is intended to address the special needs of a company or employer. Often used by military personnel Furlough Verlof
33%
No matching quizzes found
Score Distribution
Percent of People with Each Score
Percentile by Number Answered
Your Score History
You have not taken this quiz since the last reset